| 000 | 00473nam a2200169 4500 | ||
|---|---|---|---|
| 001 | 127063 | ||
| 003 | ES-MaACL | ||
| 005 | 20250704063119.0 | ||
| 007 | t| | ||
| 008 | 070214s1914 fr r ||||1| fre d | ||
| 100 | 1 |
_aRibot, Théodule, _d1839-1916 _996838 |
|
| 245 | 1 | 3 |
_aLa vie inconsciente et les mouvements / _cpar Th. Ribot. |
| 260 |
_aParis : _bAlcan, _c1914. |
||
| 300 |
_aII, 172 p. ; _c18 cm. |
||
| 852 |
_aES-MaACL _jF-11676 |
||
| 999 |
_c127063 _d127063 |
||